Book speak ! / (Record no. 7651)

MARC details
000 -LEADER
fixed length control field 01079nam a22002897a 4500
001 - CONTROL NUMBER
control field 7651
003 - CONTROL NUMBER IDENTIFIER
control field FISKH
005 - DATE AND TIME OF LATEST TRANSACTION
control field 20250729152913.0
008 - FIXED-LENGTH DATA ELEMENTS--GENERAL INFORMATION
fixed length control field 250729b cb ||||| |||| 00| 0 eng d
020 ## - INTERNATIONAL STANDARD BOOK NUMBER
International Standard Book Number 9780547223001
040 ## - CATALOGING SOURCE
Original cataloging agency FISKH
Language of cataloging eng
Transcribing agency FISKH
Modifying agency FISKH
050 ## - LIBRARY OF CONGRESS CALL NUMBER
Classification number PS3619.A4256 B66
082 ## - DEWEY DECIMAL CLASSIFICATION NUMBER
Classification number 811.6
100 ## - MAIN ENTRY--PERSONAL NAME
Personal name Salas, Laura Purdie
245 ## - TITLE STATEMENT
Title Book speak ! /
Statement of responsibility, etc. by Laura Purdie Salas : Illustrated by Josee Bisaillon
260 ## - PUBLICATION, DISTRIBUTION, ETC.
Place of publication, distribution, etc. Boston :
Name of publisher, distributor, etc. Houghton Mifflin Harcourt ,
Date of publication, distribution, etc. 2011.
300 ## - PHYSICAL DESCRIPTION
Extent 32 unnumbered pages :
Other physical details color illustrations ;
Dimensions 26 x 27 cm .
505 ## - FORMATTED CONTENTS NOTE
Formatted contents note M <br/>
520 ## - SUMMARY, ETC.
Summary, etc. Presents a series of poems which pay tribute to the limitless worlds available through books, as characters plead for sequels, strut fancy jackets, and have a raucous party in the aisles after a bookstore closes for the night.<br/>
521 8# - TARGET AUDIENCE NOTE
Target audience note 540 <br/>
Source Lexile AD <br/>
521 8# - TARGET AUDIENCE NOTE
Target audience note M <br/>
Source Raz-Plus <br/>
650 ## - SUBJECT ADDED ENTRY--TOPICAL TERM
Topical term or geographic name entry element Books and reading
Form subdivision Fiction
650 ## - SUBJECT ADDED ENTRY--TOPICAL TERM
Topical term or geographic name entry element Poems about books
Form subdivision Fiction
700 ## - ADDED ENTRY--PERSONAL NAME
Personal name Bisaillon, Josee
Relator term Illustrator
942 ## - ADDED ENTRY ELEMENTS (KOHA)
Source of classification or shelving scheme Dewey Decimal Classification
Koha item type Books
Suppress in OPAC No
Holdings
Withdrawn status Lost status Source of classification or shelving scheme Damaged status Not for loan Collection Home library Current library Shelving location Date acquired Total Checkouts Full call number Barcode Date last seen Price effective from Koha item type
    Dewey Decimal Classification     Juvenile Fiction Footprints International School Library Network Toul Tom Poung Campus Footprints International School Library Network Toul Tom Poung Campus TTP Primary Yellow Bookshelves 07/29/2025   SAL 811.6 PS3619.A4256 B66 FIS02758 07/29/2025 07/29/2025 Books